Générique Rémi sans famille - Paroles - Statistiques

Statistiques générales
  • Ce quiz a été pris 128 fois
    127 depuis la dernière actualisation
  • Le résultat moyen est 17 sur 25
Statistiques - réponses
Paroles % Correct
Je m'appelle {Rémi}
100%
Je suis sans {famille}
100%
Avec tous mes {amis}
95%
Venez avec {nous}
85%
Et je me {balade}
84%
Et je m'appelle {Rémi}
83%
Et je m'appelle {Rémi}
83%
Je suis sans {famille}
83%
Je suis sans {famille}
83%
Plus on est de {fous}
82%
Ma famille à {moi}
81%
D'affection dans la {vie}
79%
Et je me balade dans la {vie}
78%
Dans nos {aventures}
77%
Et moins la vie est {dure}
77%
C'est celle que j'ai {choisie}
74%
Dans les grandes {villes}
72%
Car on a {besoin}
69%
Ou les petits {villages}
64%
De jolis {paysages}
49%
Devant nous {défilent}
41%
Vont faire leur {numéro}
35%
Vitalis, et {Dolce}
28%
Capi et {Rémi}
24%
Joli-Coeur, {Zerbino}
22%
Aucun quiz correspondant
Distribution des résultats
% des personnes avec chaque résultat
Percentile par nombre de réponses
Votre historique - résultats
Vous n’avez pas pris ce quiz depuis la dernière actualisation